000 00665nam a2200265Ia 4500
001 AUWbook001833
003 BDCtgAUW
005 20260406155110.0
008 220908s9999 xx 000 0 eng d
020 _a0679739882
040 _aBDCtgAUW
_cBDCtgAUW
050 _aDS119.S333
100 1 _aSaid, Edward W,
_eauthor.
245 0 _aThe question of palestine.
260 _aNew York :
_bVintage Books,
300 _axlv,273 pages.
650 0 _aJewish
_zArab.
_979929
650 0 _aRelations.
651 0 _aPalestine Arabs.
_979930
651 0 _aPalestine History.
_979931
887 _a BRAC
_22982
888 _22982
942 _cBK
_00
_2lcc
945 _cBK
999 _c17574
_d17574